| 000 | 00508nam a2200181 a 4500 | ||
|---|---|---|---|
| 005 | 20210219151549.0 | ||
| 008 | 991125s1971 bar 000 0 spa u | ||
| 035 | _aUPN01000036487 | ||
| 049 | _aCG | ||
| 050 | 4 |
_aNC750 C5.48 _b1971 |
|
| 100 | 1 | _aClaudi, Claudio | |
| 245 | 1 | 0 |
_aManual de perspectiva / _cpor Claudio Claudi ; tr. E. Ruíz |
| 260 |
_aBarcelona, Esp. : _bG. Gili, _c1971 |
||
| 300 |
_a86 p., [8] h. pleg. : _bil |
||
| 650 | 4 |
_aPERSPECTIVA- _vMANUALES |
|
| 904 |
_aAC _b036488 |
||
| 905 | _aLibro | ||
| 999 |
_c36487 _d36487 |
||